000
00278nam a22001217a 4500
008
170307b xxu||||| |||| 00| 0 eng d
041
_a
eng
080
_2
6 ED
_a
611
100
_a
6
101
_a
SHM
245
_a
ORAL EMBRYOLOGY MICROSCOPIC ANATOMY
_c
KITCHIN.P
942
_2
udc
_c
BK
999
_c
6934
_d
6934